1877 1155 1934 1212 1332 1225 1691 1111 1576 1211 1293 1471 1098 1036 1649 1847 1484 1154 1798 1570 1849 1511 1768 1649 1073 1697 1467 1344 1950 1925 1588 1124 1774 1490 1645 1702 1856 1033 1835 1967 1542 1275 1832 1575 2000 1380 1270 1660 1784 1616 1209 1922 1529 1688 1637 1272 1319 1187 1166 1933 1261 1754 1818 1575 1563 1028 1508 1837 1905 1400 1179 1720 1219 1650 1670 1552 1895 1462 1719 1313 1228 1052 1291 1773 1414 1737 1846 1092 1365 1451 1324 1966 1308 1932 1465 1307 1586 1430 1250 BCNSPRNW ULIB Ver.6.0+V

เปลี่ยนเป็นภาษาไทย

Change to English
 แสดงรายละเอียดบรรณานุกรม
  กลับหน้าหลัก

Brief Record : Get Marc (ISO 2709) : E-mail record : QR code < ปิดหน้าต่าง
LEADER : 00000nam 2200000uu 4500
001    13399113033
003     ULIB
008    110922s2553||||th 000 0 tha d
020    9789746724814
060 04 QS4^bผ381ต 2553
100 0  ผาสุก มหรรฆานุเคราะห์
245 00 ตำรากายวิภาคศาสตร์ทั่วไป =^bGeneral anatomy /^cเรียบเรียงโดย คณาจารย์ภาควิชากายวิภาคศาสตร์ คณะแพทยศาสตร์ มหาวิทยาลัยเชียงใหม่ ; บรรณาธิการ, ผาสุก มหรรฆานุเคราะห์
246 31 General anatomy
250    พิมพ์ครั้งที่ 1
260    เชียงใหม่ :^bภาควิชากายวิภาคศาสตร์ คณะแพทยศาสตร์ มหาวิทยาลัยเชียงใหม่,^c2553
300    [12], 501 หน้า :^bภาพประกอบ ;^c27 ซม.
650  4 กายวิภาคศาสตร์
650  4 สรีรวิทยา
710 2  มหาวิทยาลัยเชียงใหม่. ^bคณะแพทยศาสตร์.^bภาควิชากายวิภาคศาสตร์
710 2  คณาจารย์ภาควิชากายวิภาคศาสตร์ คณะแพทยศาสตร์ มหาวิทยาลัยเชียงใหม่
945    ^p290^l0^i18618
945    ^p290^l0^i18619
945    ^p290^l0^i18620
945    ^p290^l0^i18621
945    ^p290^l0^i18622
945    ^p290^l0^i18623
945    ^p290^l0^i18624
995    กัณชพร
999    ^aทศพร
รายการนี้ยังไม่มีแท็ก
คุณยังไม่ได้ล็อกอิน คุณสามารถมีกิจกรรมร่วมกับเว็บไซต์ได้ แต่ต้องล็อกอินก่อน ::
  ล็อกอิน

รายการสื่อสารสนเทศ

ลำดับที่ ประเภท เลขเรียก/บาร์โค้ด สถานที่ สถานะ
1. วิทยาศาสตร์การแพทย์ และสุขภาพ
วิทยาศาสตร์การแพทย์ และสุขภาพ
สถานะ=หนังสือเก่า
QS4 ผ381ต 2553  
  Barcode: 18618
ห้องสมุดวิทยาเขตนครสวรรค์
►ส่วนจัดเก็บหนังสือเก่า นว.
บนชั้น
  ขอยืม
2. วิทยาศาสตร์การแพทย์ และสุขภาพ
วิทยาศาสตร์การแพทย์ และสุขภาพ
QS4 ผ381ต 2553 ฉ.2 
  Barcode: 18619
ห้องสมุดวิทยาเขตนครสวรรค์
►ส่วนจัดเก็บหนังสือเก่า นว.
บนชั้น
  ขอยืม
3. วิทยาศาสตร์การแพทย์ และสุขภาพ
วิทยาศาสตร์การแพทย์ และสุขภาพ
QS4 ผ381ต 2553 ฉ.3 
  Barcode: 18620
ห้องสมุดวิทยาเขตนครสวรรค์
►ส่วนจัดเก็บหนังสือเก่า นว.
บนชั้น
  ขอยืม
4. วิทยาศาสตร์การแพทย์ และสุขภาพ
วิทยาศาสตร์การแพทย์ และสุขภาพ
สถานะ=หนังสือเก่า
QS4 ผ381ต 2553 ฉ.4 
  Barcode: 18621
ห้องสมุดวิทยาเขตนครสวรรค์
►ส่วนจัดเก็บหนังสือเก่า นว.
บนชั้น
  ขอยืม
5. วิทยาศาสตร์การแพทย์ และสุขภาพ
วิทยาศาสตร์การแพทย์ และสุขภาพ
QS4 ผ381ต 2553 ฉ.5 
  Barcode: 18622
ห้องสมุดวิทยาเขตนครสวรรค์
►ส่วนจัดเก็บหนังสือเก่า นว.
บนชั้น
  ขอยืม
6. วิทยาศาสตร์การแพทย์ และสุขภาพ
วิทยาศาสตร์การแพทย์ และสุขภาพ
QS4 ผ381ต 2553 ฉ.6 
  Barcode: 18623
ห้องสมุดวิทยาเขตนครสวรรค์
►ส่วนจัดเก็บหนังสือเก่า นว.
บนชั้น
  ขอยืม
7. วิทยาศาสตร์การแพทย์ และสุขภาพ
วิทยาศาสตร์การแพทย์ และสุขภาพ
QS4 ผ381ต 2553 ฉ.7 
  Barcode: 18624
ห้องสมุดวิทยาเขตนครสวรรค์
►ส่วนจัดเก็บหนังสือเก่า นว.
บนชั้น
  ขอยืม

รายการใกล้เคียง
    ผู้แต่ง [ผาสุก มหรรฆานุเคราะห์]

    หัวเรื่อง [กายวิภาคศาสตร์]
    หัวเรื่อง [สรีรวิทยา]

BibComment


ยังไม่เคยถูกคอมเมนท์

คอมเมนท์ทรัพยากรรายการนี้
  คอมเมนท์: ตำรากายวิภาคศาสตร..


 Copyright 2026. Bcnsprnw @Library